[Event "Benedictine International 6th"]
[Site "Manchester"]
[Date "1983.09.07"]
[Round "1"]
[White "Arkell, Keith C"]
[Black "Hebert, Jean"]
[Result "0-1"]
[WhiteElo "2310"]
[BlackElo "2430"]
[PlyCount "72"]
[EventDate "1983.09.07"]
[EventType "swiss"]
[EventRounds "9"]
[EventCountry "ENG"]
[SourceTitle "BritBase"]
[Source "John Saunders"]
[SourceDate "2020.09.07"]
[SourceVersion "1"]
[SourceVersionDate "2020.09.07"]
[SourceQuality "2"]

1. d4 Nf6 2. c4 e6 3. Nf3 c5 4. g3 cxd4 5. Nxd4 d5 6. Bg2 e5 7. Nb3 d4 8. O-O
Nc6 9. e3 d3 10. N3d2 Nb4 11. Nc3 Nc2 12. Rb1 Bg4 13. Bf3 h5 14. Nd5 Nxd5 15.
cxd5 f5 16. e4 Nd4 17. Bxg4 hxg4 18. Re1 Bc5 19. b4 Bb6 20. Bb2 O-O 21. Bxd4
Bxd4 22. exf5 Rxf5 23. Ne4 Qxd5 24. Qb3 Qxb3 25. Rxb3 Rc8 26. Rxd3 Rc2 27. a3
b5 28. Kh1 a6 29. Kg1 Ra2 30. h3 Rfxf2 31. Rxd4 Rg2+ 32. Kf1 exd4 33. hxg4 d3
34. Rd1 Rh2 35. Kg1 Rag2+ 36. Kf1 Re2 {Source: Bulletin 1983} 0-1

[Event "Benedictine International 6th"]
[Site "Manchester"]
[Date "1983.09.07"]
[Round "1"]
[White "Bass, Leonid"]
[Black "Smith, Alan A"]
[Result "1/2-1/2"]
[WhiteElo "2460"]
[BlackElo "2275"]
[PlyCount "90"]
[EventDate "1983.09.07"]
[EventType "swiss"]
[EventRounds "9"]
[EventCountry "ENG"]
[SourceTitle "BritBase"]
[Source "John Saunders"]
[SourceDate "2020.09.07"]
[SourceVersion "1"]
[SourceVersionDate "2020.09.07"]
[SourceQuality "2"]

1. d4 Nf6 2. c4 g6 3. Nc3 d5 4. Nf3 Bg7 5. Qb3 dxc4 6. Qxc4 O-O 7. e4 Nc6 8.
Be2 Bg4 9. Be3 Bxf3 10. gxf3 e5 11. dxe5 Nxe5 12. Qb5 Re8 13. Qxb7 Rb8 14. Qxa7
Rxb2 15. Rd1 Qc8 16. h3 Qe6 17. Qxc7 Bf8 18. f4 Nxe4 19. fxe5 Nxc3 20. Bc4 Rc8
21. Bxe6 Rxc7 22. Rd7 Rxd7 23. Bxd7 Rb1+ 24. Kd2 Ne4+ 25. Kd3 Nxf2+ 26. Bxf2
Rxh1 27. Bd4 Ba3 28. Kc4 Re1 29. Bc3 Rb1 30. e6 fxe6 31. Bxe6+ Kf8 32. Bd5 Rb6
33. Bd4 Rb4+ 34. Kc3 Rb1 35. Kc4 Rb8 36. Bc5+ Bxc5 37. Kxc5 Rb2 38. a4 Rh2 39.
a5 Rxh3 40. a6 Ra3 41. Kb6 g5 42. a7 g4 43. a8=Q+ Rxa8 44. Bxa8 h5 45. Kc5 h4 {
Source: Bulletin 1983} 1/2-1/2

[Event "Benedictine International 6th"]
[Site "Manchester"]
[Date "1983.09.07"]
[Round "1"]
[White "Farrand, Tom"]
[Black "Tarjan, James Edward"]
[Result "0-1"]
[WhiteElo "2205"]
[BlackElo "2535"]
[PlyCount "72"]
[EventDate "1983.09.07"]
[EventType "swiss"]
[EventRounds "9"]
[EventCountry "ENG"]
[SourceTitle "BritBase"]
[Source "John Saunders"]
[SourceDate "2020.09.07"]
[SourceVersion "1"]
[SourceVersionDate "2020.09.07"]
[SourceQuality "2"]

1. e4 c5 2. Nc3 Nc6 3. f4 g6 4. Nf3 Bg7 5. Bb5 Nd4 6. O-O a6 7. Bd3 d6 8. Nxd4
cxd4 9. Ne2 Nf6 10. b3 O-O 11. Bb2 e5 12. c3 dxc3 13. Bxc3 b5 14. Bc2 Bb7 15.
Ng3 b4 16. Bb2 h5 17. d4 Ng4 18. Qd2 Rc8 19. Bd1 Nxh2 20. Kxh2 Qh4+ 21. Kg1
Qxg3 22. Qxb4 Bxe4 23. Rf2 h4 24. dxe5 d5 25. Bf3 h3 26. Qd2 Rc2 27. Qxc2 Bxc2
28. Rxc2 Qxf4 29. Re2 Rd8 30. Rd1 Qg3 31. Rxd5 Rxd5 32. Bxd5 Bh6 33. e6 Be3+
34. Kf1 h2 35. exf7+ Kh7 36. f8=N+ Kh6 {Source: Bulletin 1983} 0-1

[Event "Benedictine International 6th"]
[Site "Manchester"]
[Date "1983.09.07"]
[Round "1"]
[White "Knox, Victor W"]
[Black "Gutman, Lev"]
[Result "0-1"]
[WhiteElo "2320"]
[BlackElo "2440"]
[PlyCount "93"]
[EventDate "1983.09.07"]
[EventType "swiss"]
[EventRounds "9"]
[EventCountry "ENG"]
[SourceTitle "BritBase"]
[Source "John Saunders"]
[SourceDate "2020.09.07"]
[SourceVersion "1"]
[SourceVersionDate "2020.09.07"]
[SourceQuality "2"]

1. e4 c5 2. Nf3 d6 3. d4 cxd4 4. Nxd4 Nf6 5. Nc3 e6 6. Be2 Be7 7. O-O O-O 8.
Be3 a6 9. f4 Qc7 10. Kh1 Nbd7 11. a4 Nc5 12. e5 dxe5 13. fxe5 Nd5 14. Nxd5 exd5
15. Bf4 Qb6 16. b3 Ne4 17. Bf3 Bc5 18. a5 Qd8 19. Qd3 Qh4 20. Bxe4 dxe4 21.
Qxe4 g5 22. g3 Qg4 23. e6 fxe6 24. Qe5 Bxd4 25. Qxd4 gxf4 26. gxf4 e5 27. Qxe5
Bd7 28. Qd5+ Kh8 29. Qe5+ Qg7 30. Qxg7+ Kxg7 31. Kg2 Rae8 32. Rf2 Bc6+ 33. Kg3
Re3+ 34. Kh4 Bd7 35. Rg1+ Kh6 36. Rg3 Re4 37. Rgf3 Rf5 38. Kg3 Rxa5 39. Rd3 Re7
40. Rd6+ Kg7 41. Rfd2 Bc6 42. Kg4 Rf7 43. c4 Raf5 44. R2d4 R5f6 45. Rxf6 Kxf6
46. Rd6+ Ke7 47. Rh6 {final moves recorded as 47...Rf7 48 Rh5 Rg7+ (Source:
Bulletin 1983)} 0-1

[Event "Benedictine International 6th"]
[Site "Manchester"]
[Date "1983.09.07"]
[Round "1"]
[White "Manouck, Thierry"]
[Black "Kudrin, Sergey"]
[Result "0-1"]
[WhiteElo "2335"]
[BlackElo "2510"]
[PlyCount "70"]
[EventDate "1983.09.07"]
[EventType "swiss"]
[EventRounds "9"]
[EventCountry "ENG"]
[SourceTitle "BritBase"]
[Source "John Saunders"]
[SourceDate "2020.09.07"]
[SourceVersion "1"]
[SourceVersionDate "2020.09.07"]
[SourceQuality "2"]

1. c4 c5 2. g3 g6 3. Bg2 Bg7 4. Nc3 Nc6 5. a3 d6 6. Rb1 a5 7. d3 e5 8. e3 Nge7
9. Nge2 O-O 10. O-O Rb8 11. Bd2 Be6 12. Nd5 b5 13. b3 b4 14. a4 Qd7 15. Re1 Bh3
16. Bh1 Nxd5 17. cxd5 Ne7 18. Bc1 Rbe8 19. Bb2 h5 20. Qd2 Bh6 21. Qc2 h4 22.
Qc4 hxg3 23. hxg3 Kg7 24. Nf4 Bf5 25. Bf3 Rh8 26. g4 Bxf4 27. exf4 Bxg4 28.
fxe5 Bxf3 29. e6+ f6 30. Bxf6+ Kxf6 31. Qf4+ Nf5 32. Qxf3 Qh7 33. Qe4 Ke7 34.
Qg2 Ref8 35. Re4 Rf6 {Source: Bulletin 1983} 0-1

[Event "Benedictine International 6th"]
[Site "Manchester"]
[Date "1983.09.07"]
[Round "1"]
[White "Short, Nigel D"]
[Black "Laird, Craig"]
[Result "1-0"]
[WhiteElo "2475"]
[BlackElo "2310"]
[PlyCount "63"]
[EventDate "1983.09.07"]
[EventType "swiss"]
[EventRounds "9"]
[EventCountry "ENG"]
[SourceTitle "BritBase"]
[Source "John Saunders"]
[SourceDate "2020.09.07"]
[SourceVersion "1"]
[SourceVersionDate "2020.09.07"]
[SourceQuality "2"]

1. e4 c5 2. Nf3 Nc6 3. d4 cxd4 4. Nxd4 g6 5. c4 Bg7 6. Nc2 d6 7. Be2 Be6 8. O-O
Rc8 9. Ne3 Nd4 10. Bd3 Nf6 11. Nc3 Nd7 12. f4 Nc5 13. f5 Bd7 14. Bb1 e6 15. f6
Bxf6 16. Rxf6 Qxf6 17. Ng4 Qh4 18. g3 Qe7 19. Qxd4 e5 20. Qd1 Qe6 21. Nd5 h5
22. Ngf6+ Kf8 23. b4 Na6 24. Bd3 Kg7 25. Bg5 Nc7 26. Nxc7 Rxc7 27. Nd5 Rcc8 28.
Bf6+ Kh7 29. Bxh8 Rxh8 30. Qf3 Kg7 31. h4 f5 32. Rf1 {Source: Bulletin 1983}
1-0

[Event "Benedictine International 6th"]
[Site "Manchester"]
[Date "1983.09.07"]
[Round "1"]
[White "Whitehead, Clare E"]
[Black "Ivkov, Borislav"]
[Result "0-1"]
[WhiteElo "1955"]
[BlackElo "2465"]
[PlyCount "60"]
[EventDate "1983.09.07"]
[EventType "swiss"]
[EventRounds "9"]
[EventCountry "ENG"]
[SourceTitle "BritBase"]
[Source "John Saunders"]
[SourceDate "2020.09.07"]
[SourceVersion "1"]
[SourceVersionDate "2020.09.07"]
[SourceQuality "2"]

1. e4 e5 2. Nf3 Nc6 3. Bc4 Nf6 4. d3 Be7 5. O-O d6 6. Nbd2 Na5 7. Bb3 O-O 8.
Re1 Nxb3 9. axb3 Nd7 10. Nf1 Bf6 11. Bd2 Re8 12. Bc3 b6 13. Ne3 Bb7 14. Qd2 Nf8
15. Ra2 a5 16. Nf5 c5 17. h3 Ng6 18. Qc1 d5 19. Ra1 Nf4 20. Bd2 Ne6 21. Nh2
dxe4 22. dxe4 Nd4 23. Nxd4 exd4 24. f3 Bh4 25. Rd1 f5 26. exf5 Re2 27. Ng4 Qe7
28. f6 Rxg2+ 29. Kxg2 Qe2+ 30. Kg1 Qxf3 {Source: Bulletin 1983} 0-1

[Event "Benedictine International 6th"]
[Site "Manchester"]
[Date "1983.09.08"]
[Round "2"]
[White "Bilek, Istvan"]
[Black "Hebert, Jean"]
[Result "0-1"]
[WhiteElo "2405"]
[BlackElo "2430"]
[PlyCount "69"]
[EventDate "1983.09.07"]
[EventType "swiss"]
[EventRounds "9"]
[EventCountry "ENG"]
[SourceTitle "BritBase"]
[Source "John Saunders"]
[SourceDate "2020.09.07"]
[SourceVersion "1"]
[SourceVersionDate "2020.09.07"]
[SourceQuality "2"]

1. c4 e5 2. g3 Nc6 3. Bg2 d6 4. Nc3 Be6 5. d3 Qd7 6. h3 g6 7. e4 Bg7 8. Nge2
Nge7 9. Be3 O-O 10. Nd5 f5 11. Qd2 Rae8 12. Rc1 b6 13. Nxe7+ Rxe7 14. exf5 gxf5
15. f4 d5 16. O-O dxc4 17. Rfd1 Rd8 18. Qe1 Qe8 19. dxc4 e4 20. b3 Red7 21.
Rxd7 Qxd7 22. Kh2 a5 23. Nc3 Nb4 24. Rd1 Qe7 25. g4 Rxd1 26. Nxd1 Nxa2 27. c5
fxg4 28. Bxe4 Bxb3 29. Bd2 Qxc5 30. Ne3 Nc3 31. Bxc3 Qxc3 32. Qh4 Qxe3 33. Qd8+
Bf8 34. Qg5+ Kh8 35. Qf5 {Source: Bulletin 1983} 0-1

[Event "Benedictine International 6th"]
[Site "Manchester"]
[Date "1983.09.08"]
[Round "2"]
[White "Ciric, Dragoljub M"]
[Black "Short, Nigel D"]
[Result "1/2-1/2"]
[WhiteElo "2410"]
[BlackElo "2475"]
[PlyCount "120"]
[EventDate "1983.09.07"]
[EventType "swiss"]
[EventRounds "9"]
[EventCountry "ENG"]
[SourceTitle "BritBase"]
[Source "John Saunders"]
[SourceDate "2020.09.07"]
[SourceVersion "1"]
[SourceVersionDate "2020.09.07"]
[SourceQuality "2"]

1. e4 e6 2. d4 d5 3. Nd2 Nf6 4. e5 Nfd7 5. Bd3 c5 6. c3 b6 7. Ne2 Ba6 8. Bxa6
Nxa6 9. O-O b5 10. f4 g6 11. Nf3 h5 12. Be3 c4 13. b4 cxb3 14. axb3 Nc7 15. Bf2
Be7 16. g3 a5 17. Be1 Nb6 18. c4 dxc4 19. Bxa5 Ncd5 20. Qc1 cxb3 21. Bxb6 Rxa1
22. Bxd8 Rxc1 23. Nxc1 b2 24. Nd3 Kxd8 25. Nxb2 Kd7 26. Nd3 Rc8 27. Rc1 Rxc1+
28. Nxc1 Kc6 29. Kf2 b4 30. Ke2 Kb5 31. Kd3 Ka4 32. Nd2 g5 33. Ke4 gxf4 34.
gxf4 Bf8 35. Ncb3 Ka3 36. Na5 Bh6 37. Ndc4+ Ka4 38. Nb7 Bxf4 39. Nc5+ Kb5 40.
Nd6+ Kc6 41. Nxf7 Bxh2 42. Nd8+ Kb5 43. Ndxe6 Kc4 44. Ng7 Nc3+ 45. Kf5 Kxd4 46.
Nb3+ Kc4 47. Na5+ Kb5 48. Nb3 h4 49. e6 Nd5 50. Kg4 Ne7 51. Kxh4 Be5 52. Nh5
Kc4 53. Na5+ Kd5 54. Kg4 Bc7 55. Nb3 Kxe6 56. Nf4+ Bxf4 57. Kxf4 Kd5 58. Ke3
Kc4 59. Nc1 Nf5+ 60. Kd2 Nd4 {Source: Bulletin 1983} 1/2-1/2

[Event "Benedictine International 6th"]
[Site "Manchester"]
[Date "1983.09.08"]
[Round "2"]
[White "Condie, Mark L"]
[Black "Forintos, Gyozo V"]
[Result "1/2-1/2"]
[WhiteElo "2340"]
[BlackElo "2450"]
[PlyCount "43"]
[EventDate "1983.09.07"]
[EventType "swiss"]
[EventRounds "9"]
[EventCountry "ENG"]
[SourceTitle "BritBase"]
[Source "John Saunders"]
[SourceDate "2020.09.07"]
[SourceVersion "1"]
[SourceVersionDate "2020.09.07"]
[SourceQuality "2"]

1. d4 Nf6 2. Nf3 c5 3. e3 g6 4. dxc5 Qa5+ 5. Nbd2 Bg7 6. a3 Ne4 7. Rb1 Nxd2 8.
Qxd2 Qxc5 9. c4 d6 10. b4 Qf5 11. Bd3 Qg4 12. O-O O-O 13. Bb2 Bxb2 14. Rxb2 Nd7
15. Rc1 Qh5 16. Be2 Nf6 17. c5 Rd8 18. Qe1 Qh6 19. cxd6 Rxd6 20. Rd2 Ne4 21.
Rxd6 Nxd6 22. Qc3 {Source: Bulletin 1983} 1/2-1/2

[Event "Benedictine International 6th"]
[Site "Manchester"]
[Date "1983.09.08"]
[Round "2"]
[White "Gutman, Lev"]
[Black "Davies, Nigel Rodney"]
[Result "1-0"]
[WhiteElo "2440"]
[BlackElo "2375"]
[PlyCount "71"]
[EventDate "1983.09.07"]
[EventType "swiss"]
[EventRounds "9"]
[EventCountry "ENG"]
[SourceTitle "BritBase"]
[Source "John Saunders"]
[SourceDate "2020.09.07"]
[SourceVersion "1"]
[SourceVersionDate "2020.09.07"]
[SourceQuality "2"]

1. Nf3 g6 2. g3 Bg7 3. d4 c5 4. Bg2 cxd4 5. Nxd4 Nc6 6. Nxc6 bxc6 7. O-O h5 8.
Nd2 h4 9. e4 Nf6 10. e5 Nd5 11. Re1 hxg3 12. hxg3 Rb8 13. Ne4 Bxe5 14. c4 Nc7
15. Nd6+ Bxd6 16. Qxd6 Kf8 17. Qd4 f6 18. Qxa7 Ra8 19. Qd4 Kf7 20. b4 Ra4 21.
a3 Ne6 22. Qd1 Ra6 23. Be3 Qc7 24. c5 Ra8 25. Qb3 Rb8 26. Bf4 d6 27. Rad1 Rd8
28. Rd3 g5 29. cxd6 exd6 30. Bh3 gxf4 31. Bxe6+ Kf8 32. Qc3 Qg7 33. Bxc8 Rbxc8
34. Re4 fxg3 35. Rxg3 Qh6 36. Qc4 {Source: Bulletin 1983} 1-0

[Event "Benedictine International 6th"]
[Site "Manchester"]
[Date "1983.09.08"]
[Round "2"]
[White "Ivkov, Borislav"]
[Black "Hodgson, Julian M"]
[Result "0-1"]
[WhiteElo "2465"]
[BlackElo "2385"]
[PlyCount "140"]
[EventDate "1983.09.07"]
[EventType "swiss"]
[EventRounds "9"]
[EventCountry "ENG"]
[SourceTitle "BritBase"]
[Source "John Saunders"]
[SourceDate "2020.09.07"]
[SourceVersion "1"]
[SourceVersionDate "2020.09.07"]
[SourceQuality "2"]

1. d4 b5 2. Bf4 Bb7 3. Nf3 e6 4. e3 a6 5. c3 Nf6 6. Nbd2 h6 7. h3 Be7 8. Bd3 c5
9. O-O g5 10. Bg3 Rg8 11. Nh2 cxd4 12. cxd4 h5 13. Be5 g4 14. hxg4 Nxg4 15.
Nxg4 Rxg4 16. f3 Rg8 17. Bh7 Rg5 18. Ne4 Bxe4 19. Bxe4 d5 20. Bd3 Nc6 21. Bf4
Rg7 22. a4 b4 23. a5 Nb8 24. Qa4+ Nd7 25. Bh2 Bh4 26. Qxb4 Bg3 27. Bxg3 Rxg3
28. Qd6 Qg5 29. Rf2 h4 30. Qf4 Qxf4 31. exf4 Nf6 32. Rc2 Nh5 33. Bf1 Nxf4 34.
Kf2 Ke7 35. Ke3 Nh5 36. Rac1 Ng7 37. Bd3 Rb8 38. Rc7+ Kf6 39. R1c2 Rb4 40. R7c6
Rb3 41. R6c3 Rb4 42. Rc6 Rb3 43. R6c3 Rb4 44. Bxa6 Nf5+ 45. Kf2 Nxd4 46. Bc8
Nxc2 47. Rxc2 Rg8 48. a6 Rxc8 49. Rxc8 Rxb2+ 50. Ke3 Ra2 51. Rh8 Rxa6 52. Rxh4
Ra3+ 53. Kf2 Ra2+ 54. Kg3 Ke5 55. Rh7 f5 56. Rb7 f4+ 57. Kh3 Ra3 58. Rb8 Rc3
59. Kg4 Rc7 60. Rg8 Rf7 61. g3 Kd4 62. Ra8 fxg3 63. Kxg3 Rc7 64. Ra2 e5 65.
Rd2+ Ke3 66. Rxd5 Rg7+ 67. Kh4 Kf4 68. Kh3 Kxf3 69. Rd3+ Ke2 70. Ra3 e4 {
Source: Bulletin 1983} 0-1

[Event "Benedictine International 6th"]
[Site "Manchester"]
[Date "1983.09.08"]
[Round "2"]
[White "Kudrin, Sergey"]
[Black "Kraidman, Yair"]
[Result "1-0"]
[WhiteElo "2510"]
[BlackElo "2410"]
[PlyCount "61"]
[EventDate "1983.09.07"]
[EventType "swiss"]
[EventRounds "9"]
[EventCountry "ENG"]
[SourceTitle "BritBase"]
[Source "John Saunders"]
[SourceDate "2020.09.07"]
[SourceVersion "1"]
[SourceVersionDate "2020.09.07"]
[SourceQuality "2"]

1. e4 e5 2. Nf3 Nc6 3. Bc4 Bc5 4. c3 Nf6 5. b4 Be7 6. d3 d6 7. O-O O-O 8. Re1
a5 9. b5 Nb8 10. a4 c5 11. Ba2 Nbd7 12. Nbd2 Nb6 13. Nf1 Qc7 14. Ng3 g6 15. h3
Rd8 16. d4 Bf8 17. Ng5 c4 18. f4 exd4 19. cxd4 d5 20. e5 Ne8 21. f5 gxf5 22.
Bf4 Qe7 23. Bb1 f6 24. Nf3 Qf7 25. Nxf5 Bxf5 26. Bxf5 Ng7 27. e6 Qe8 28. Qc2
Nxf5 29. Qxf5 Qe7 30. Nh4 Re8 31. Re3 {Source: Bulletin 1983} 1-0

[Event "Benedictine International 6th"]
[Site "Manchester"]
[Date "1983.09.08"]
[Round "2"]
[White "Murey, Jacob"]
[Black "Lane, Gary William"]
[Result "0-1"]
[WhiteElo "2485"]
[BlackElo "2270"]
[PlyCount "62"]
[EventDate "1983.09.07"]
[EventType "swiss"]
[EventRounds "9"]
[EventCountry "ENG"]
[SourceTitle "BritBase"]
[Source "John Saunders"]
[SourceDate "2020.09.07"]
[SourceVersion "1"]
[SourceVersionDate "2020.09.07"]
[SourceQuality "2"]

1. e4 e5 2. f4 d5 3. Nf3 exf4 4. exd5 Nf6 5. c4 c6 6. d4 cxd5 7. Nc3 Nc6 8. c5
Be7 9. Bxf4 Ne4 10. Bd3 g5 11. Be3 g4 12. Bxe4 dxe4 13. Ne5 f5 14. Qb3 Nxe5 15.
dxe5 Qd3 16. Nb5 Qxb3 17. axb3 O-O 18. Nc7 Rb8 19. g3 Rd8 20. b4 Rd3 21. Ra3
Rxa3 22. bxa3 Bd7 23. e6 Bc6 24. b5 Rc8 25. bxc6 Rxc7 26. cxb7 Rxb7 27. Kd2 Kg7
28. Rc1 Rc7 29. Bd4+ Bf6 30. Ke3 Kg6 31. c6 Bg5+ {Source: Bulletin 1983} 0-1

[Event "Benedictine International 6th"]
[Site "Manchester"]
[Date "1983.09.08"]
[Round "2"]
[White "Nasir Ali, Syed"]
[Black "Hebden, Mark L"]
[Result "0-1"]
[WhiteElo "2345"]
[BlackElo "2495"]
[PlyCount "46"]
[EventDate "1983.09.07"]
[EventType "swiss"]
[EventRounds "9"]
[EventCountry "ENG"]
[SourceTitle "BritBase"]
[Source "John Saunders"]
[SourceDate "2020.09.07"]
[SourceVersion "1"]
[SourceVersionDate "2020.09.07"]
[SourceQuality "2"]

1. d4 Nf6 2. c4 c5 3. dxc5 Na6 4. Nc3 Nxc5 5. b4 Nce4 6. Nxe4 Nxe4 7. Qc2 d5 8.
f3 Nf6 9. cxd5 e6 10. a3 exd5 11. Bb2 a5 12. e4 axb4 13. Bb5+ Bd7 14. Bxd7+
Nxd7 15. Ne2 bxa3 16. Bc3 Qg5 17. exd5 Be7 18. d6 Bxd6 19. Qe4+ Qe7 20. Qxb7
O-O 21. O-O Qxe2 22. Qxd7 Qe3+ 23. Kh1 Rfd8 {Source: Bulletin 1983 & BCM, Nov
1983, p484} 0-1

[Event "Benedictine International 6th"]
[Site "Manchester"]
[Date "1983.09.08"]
[Round "2"]
[White "Plaskett, H James"]
[Black "Razuvaev, Yuri S"]
[Result "0-1"]
[WhiteElo "2425"]
[BlackElo "2525"]
[PlyCount "84"]
[EventDate "1983.09.07"]
[EventType "swiss"]
[EventRounds "9"]
[EventCountry "ENG"]
[SourceTitle "BritBase"]
[Source "John Saunders"]
[SourceDate "2020.09.07"]
[SourceVersion "1"]
[SourceVersionDate "2020.09.07"]
[SourceQuality "2"]

1. d4 Nf6 2. Nf3 g6 3. Bf4 c5 4. c3 b6 5. dxc5 bxc5 6. e4 Bb7 7. Bc4 e6 8. Nbd2
Nh5 9. Be5 f6 10. Bg3 Nc6 11. Qe2 Be7 12. O-O-O Qb6 13. Bd3 Na5 14. Nc4 Nxc4
15. Bxc4 Bc6 16. Rd2 Nxg3 17. hxg3 O-O-O 18. Ne1 Kb8 19. Bd5 Bb5 20. Bc4 Bc6
21. f4 f5 22. exf5 gxf5 23. Nf3 Bf6 24. Ne5 Bxe5 25. Qxe5+ Ka8 26. Rd6 Rhg8 27.
Qe3 Rg7 28. Be2 Rb8 29. b3 c4 30. Qxb6 Rxb6 31. Bxc4 Bxg2 32. Rhd1 Rxd6 33.
Rxd6 Kb8 34. Kd2 Kc7 35. Ra6 Kb7 36. Rd6 Bc6 37. b4 Rxg3 38. Bb3 h5 39. c4 Kc7
40. c5 h4 41. Bxe6 (41. b5 h3 42. Ke2 h2 {is the line given in the bulletin
but this doesn't seem to make sense}) 41... h3 42. Ke2 h2 {Source: Bulletin
1983} 0-1

[Event "Benedictine International 6th"]
[Site "Manchester"]
[Date "1983.09.08"]
[Round "2"]
[White "Tarjan, James Edward"]
[Black "Thipsay, Praveen Mahadeo"]
[Result "0-1"]
[WhiteElo "2535"]
[BlackElo "2425"]
[PlyCount "124"]
[EventDate "1983.09.07"]
[EventType "swiss"]
[EventRounds "9"]
[EventCountry "ENG"]
[SourceTitle "BritBase"]
[Source "John Saunders"]
[SourceDate "2020.09.07"]
[SourceVersion "1"]
[SourceVersionDate "2020.09.07"]
[SourceQuality "2"]

1. d4 Nf6 2. c4 g6 3. Nc3 Bg7 4. e4 O-O 5. Be3 d6 6. f3 e5 7. d5 c6 8. Bd3 Nbd7
9. Nge2 Nc5 10. Bc2 cxd5 11. cxd5 Nh5 12. O-O a5 13. a3 f5 14. exf5 gxf5 15.
Rb1 Kh8 16. Kh1 Qe7 17. b4 axb4 18. axb4 Nd7 19. Qd2 Ndf6 20. Ra1 Rxa1 21. Rxa1
f4 22. Bf2 e4 23. Bd4 exf3 24. gxf3 Nd7 25. Bxg7+ Qxg7 26. Rg1 Qh6 27. Be4 Ne5
28. Nb5 Bd7 29. Nbd4 Nf6 30. Ne6 Bxe6 31. dxe6 Nxe4 32. fxe4 Qxh2+ 33. Kxh2
Nf3+ 34. Kh3 Nxd2 35. Rd1 Nxe4 36. Rd4 Ng5+ 37. Kg4 Nxe6 38. Rxd6 Rf6 39. Rd1
f3 40. Nc3 f2 41. Rf1 Rf4+ 42. Kg3 Rxb4 43. Nd1 Ng5 44. Nxf2 Ne4+ 45. Nxe4 Rxe4
46. Rb1 Re7 47. Kf4 Kg7 48. Kf5 Kf7 49. Rb5 Ke8 50. Kf6 Kd8 51. Rb1 Rd7 52. Ke6
Kc8 53. Rb2 Rc7 54. Rh2 b6 55. Kd5 h5 56. Rg2 Kb7 57. Rh2 Rc5+ 58. Kd4 Kc6 59.
Rg2 h4 60. Rg6+ Kb5 61. Rh6 Rc4+ 62. Kd3 Kc5 {Source: Bulletin 1983} 0-1

[Event "Benedictine International 6th"]
[Site "Manchester"]
[Date "1983.09.09"]
[Round "3"]
[White "Arkell, Keith C"]
[Black "Tisdall, Jonathan D"]
[Result "0-1"]
[WhiteElo "2310"]
[BlackElo "2420"]
[PlyCount "52"]
[EventDate "1983.09.07"]
[EventType "swiss"]
[EventRounds "9"]
[EventCountry "ENG"]
[SourceTitle "BritBase"]
[Source "John Saunders"]
[SourceDate "2020.09.07"]
[SourceVersion "1"]
[SourceVersionDate "2020.09.07"]
[SourceQuality "2"]

1. Nf3 Nf6 2. c4 e6 3. g3 a6 4. Bg2 b5 5. Nd4 c6 6. cxb5 axb5 7. Nxb5 cxb5 8.
Bxa8 d5 9. a4 Qa5 10. Qc2 Bd7 11. Bb7 b4 12. b3 Bd6 13. Bb2 Qa7 14. Bxd5 exd5
15. Qd3 O-O 16. O-O Bh3 17. Rc1 Bc5 18. e3 d4 19. exd4 Qb7 20. f3 Ba7 21. Re1
Nbd7 22. a5 Qd5 23. Re3 Ng4 24. Re4 f5 25. Re7 Nde5 26. Rxe5 Nxe5 {Source:
Bulletin 1983} 0-1

[Event "Benedictine International 6th"]
[Site "Manchester"]
[Date "1983.09.09"]
[Round "3"]
[White "Britton, Richard"]
[Black "Tarjan, James Edward"]
[Result "0-1"]
[WhiteElo "2325"]
[BlackElo "2535"]
[PlyCount "124"]
[EventDate "1983.09.07"]
[EventType "swiss"]
[EventRounds "9"]
[EventCountry "ENG"]
[SourceTitle "BritBase"]
[Source "John Saunders"]
[SourceDate "2020.09.07"]
[SourceVersion "1"]
[SourceVersionDate "2020.09.07"]
[SourceQuality "2"]

1. e4 c5 2. Nf3 d6 3. d4 cxd4 4. Nxd4 Nf6 5. Nc3 e6 6. Be2 Be7 7. O-O O-O 8.
Kh1 a6 9. a4 Qc7 10. f4 b6 11. Bf3 Bb7 12. g4 Nc6 13. g5 Nd7 14. Nde2 Nb4 15.
Ng3 Rfe8 16. f5 Bf8 17. fxe6 fxe6 18. Bf4 g6 19. h4 Ne5 20. Bxe5 dxe5 21. Bg4
Rad8 22. Qe2 Bg7 23. Rf2 Bc8 24. Raf1 Rf8 25. Nd1 Rf4 26. Ne3 Rdf8 27. Rf3 h5
28. gxh6 Bxh6 29. c3 Nc6 30. Ng2 Na5 31. R1f2 Rxf3 32. Rxf3 Bf4 33. Nf1 Qc4 34.
Qc2 Kg7 35. Nfe3 Qc7 36. c4 Nc6 37. Qc3 Kg8 38. Rf1 Qe7 39. Nc2 a5 40. b3 Bb7
41. Qh3 Nd8 42. Bf3 Rf6 43. Rd1 Qf8 44. Nce1 Bh6 45. Qg4 Nc6 46. Rd7 Bc8 47.
Rd3 Nd4 48. h5 Qg7 49. Qg3 Rf8 50. hxg6 Bb7 51. Qg4 Rf6 52. Nh4 Bf4 53. Neg2
Qh6 54. Rd1 Qg5 55. Qh3 Bg3 56. Nf5 Rxg6 57. Bh5 exf5 58. Bxg6 Qxg6 59. exf5
Qh7 60. Qxh7+ Kxh7 61. Kg1 Kh6 62. Rb1 Nf3+ {Source: Bulletin 1983} 0-1

[Event "Benedictine International 6th"]
[Site "Manchester"]
[Date "1983.09.09"]
[Round "3"]
[White "Davies, Nigel Rodney"]
[Black "Plaskett, H James"]
[Result "1/2-1/2"]
[WhiteElo "2375"]
[BlackElo "2425"]
[PlyCount "73"]
[EventDate "1983.09.07"]
[EventType "swiss"]
[EventRounds "9"]
[EventCountry "ENG"]
[SourceTitle "BritBase"]
[Source "John Saunders"]
[SourceDate "2020.09.07"]
[SourceVersion "1"]
[SourceVersionDate "2020.09.07"]
[SourceQuality "2"]

1. g3 Nf6 2. Bg2 d5 3. Nf3 e6 4. O-O Be7 5. d3 c5 6. Nbd2 Nc6 7. e4 O-O 8. Re1
b5 9. e5 Nd7 10. Nf1 a5 11. h4 b4 12. N1h2 a4 13. Bf4 a3 14. b3 Ba6 15. Rc1 Rc8
16. Ng5 Qe8 17. Qh5 Bxg5 18. Qxg5 Kh8 19. h5 f6 20. exf6 gxf6 21. Qh4 Qf7 22.
Ng4 Nd4 23. Ne3 Rg8 24. Bd6 Nb5 25. Nf5 Rg5 26. Nh6 Qe8 27. Bf4 Rxh5 28. Qg4
Ne5 29. Rxe5 fxe5 30. Bg5 Kg7 31. Re1 Qg6 32. Rxe5 Nd4 33. Bxd5 Rf8 34. Be4
Qxe4 35. Qxe4 Nf3+ 36. Kg2 Rh2+ 37. Kf1 {Source: Bulletin 1983} 1/2-1/2